EA Sports FIFA/EAFC cover stars - Statistics

General Stats
  • This quiz has been taken 1,844 times
    118 since last reset
  • The average score is 27 of 50
Answer Stats
Year Answer % Correct
'16 Messi
100%
'15 Messi
100%
'14 Messi
100%
'13 Messi
100%
'19 Cristiano Ronaldo
99%
'18 Cristiano Ronaldo
99%
'23 Mbappé
94%
'22 Mbappé
94%
'21 Mbappé
94%
'24 Haaland
85%
'12 Rooney
81%
Rooney
81%
Rooney
81%
'09 Rooney
81%
'08 Rooney
81%
'07 Rooney
81%
'06 Rooney
81%
'26 Bellingham
79%
'25 Bellingham
79%
Ronaldinho
79%
Ronaldinho
79%
Ronaldinho
79%
Ronaldinho
79%
'04 Ronaldinho
79%
'17 Reus
77%
'20 Hazard
70%
'11 Kaka
59%
Henry
57%
'02 Henry
57%
'98 Beckham
41%
Musiala
36%
'10 Lampard
32%
Roberto Carlos
23%
'01 Scholes
22%
Davids
20%
Del Piero
20%
'03 Giggs
19%
Shevchenko
13%
Wilshere
12%
'99 Bergkamp
11%
'05 Vieira
10%
Campbell
9%
'00 Campbell
9%
Walcott
9%
'94 Platt
6%
'97 Ginola
4%
Swierczewski
4%
'95 Thorstvedt
4%
'96 Legg
3%
Sabau
3%
No matching quizzes found
Score Distribution
Percent of People with Each Score
Percentile by Number Answered
Your Score History
You have not taken this quiz since the last reset